Híbrido Urbano El Labrador : espacios comunitarios de aprendizaje, cultura y movimiento
Gespeichert in:
| 1. Verfasser: | |
|---|---|
| Weitere Verfasser: | |
| Format: | Unbekannt |
| Sprache: | Spanish |
| Veröffentlicht: |
[San José,Costa Rica],
2013
|
| Schlagworte: | |
| Online Zugang: | https://cedi.ucr.ac.cr/arquitectura/hibrido-urbano-el-labrador-espacios-comunitarios-de-aprendizaje-cultura-y-movimiento/ |
| Tags: |
Tag hinzufügen
Keine Tags, Fügen Sie den ersten Tag hinzu!
|
MARC
| LEADER | 00000 a2200000 4500 | ||
|---|---|---|---|
| 003 | EA0040 | ||
| 005 | 20230704141856.0 | ||
| 008 | 140114s2013 cr a 000 ||spa d | ||
| 040 | |c cru CEDI | ||
| 090 | |a TFG EA-040 | ||
| 100 | |a Sánchez Elizondo, Suni |9 19991 | ||
| 245 | |a Híbrido Urbano El Labrador : espacios comunitarios de aprendizaje, cultura y movimiento | ||
| 260 | |a [San José,Costa Rica], |c 2013 | ||
| 500 | |a Proyecto de graduación (licenciatura en arquitectura)--Universidad de Costa Rica. Facultad de Ingeniería. Escuela de Arquitectura | ||
| 501 | |a Director de Proyecto de Graduación: Arq Omar Chavarría Abarca | ||
| 650 | |x DESARROLLO DE LA COMUNIDAD - VAZQUEZ DE CORONADO (SAN JOSE, COSTA RICA) |x DISEÑO URBANO - VAZQUEZ DE CORONADO (SAN JOSE, COSTA RICA) |x VAZQUEZ DE CORONADO (SAN JOSE, COSTA RICA) |9 19992 | ||
| 700 | |9 68 |a Chavarría Abarca, Omar Eliecer., 1969- |d Director del TFG | ||
| 856 | |u https://cedi.ucr.ac.cr/arquitectura/hibrido-urbano-el-labrador-espacios-comunitarios-de-aprendizaje-cultura-y-movimiento/ |y https://cedi.ucr.ac.cr/arquitectura/hibrido-urbano-el-labrador-espacios-comunitarios-de-aprendizaje-cultura-y-movimiento/ | ||
| 942 | |c CEDI |2 ddc | ||
| 999 | |c 12779 |d 12779 | ||
